Normal view
MARC view
Entry Nombre personal
001 - NÚMERO DE CONTROL
- campo de control: 1143
003 - IDENTIFICADOR DE NÚMERO DE CONTROL
- campo de control: DLC
005 - FECHA Y HORA DE LA ÚLTIMA TRANSACCIÓN
- campo de control: 20260428185934.0
008 - ELEMENTOS DE DATO DE LONGITUD-FIJA
- campo de control de longitud fija: 800215n| acannaabn |n aaa
010 ## - NÚMERO DE CONTROL DE LA BIBLIOTECA DEL CONGRESO
- Número de control de LC: n 80010955
035 ## - NÚMERO DE CONTROL DEL SISTEMA
- Número de control de sistema: (OCoLC)oca00393477
040 ## - FUENTE DE CATALOGACIÓN
- Centro catalogador/agencia de origen: DLC
- Lengua de catalogación: eng
- Centro/agencia transcriptor: DLC
- Centro/agencia modificador: DLC
- Centro/agencia modificador: OCoLC
- Normas de descripción: rda
046 ## - FECHAS CON CODIFICACIÓN ESPECIAL
- Fecha de nacimiento: 1952-06-02
- Fuente del esquema de fecha: edtf
100 1# - ENCABEZAMIENTO-NOMBRE DE PERSONA
- Nombre de persona: Wiencek, Henry
670 ## - FUENTE DE DATOS ENCONTRADOS
- Cita de la fuente: Storm across Asia, 1980 (a.e.)
- Información encontrada: t.p. (Henry Wiencek)
670 ## - FUENTE DE DATOS ENCONTRADOS
- Cita de la fuente: His Plantations of the Old South, 1985:
- Información encontrada: CIP t.p. (Henry Wiencek) data sheet (b. 6/2/52)
670 ## - FUENTE DE DATOS ENCONTRADOS
- Cita de la fuente: Stan and Gus, 2025:
- Información encontrada: ECIP title page ( ) galley (Henry Wiencek, a nationally prominent historian and writer, is the author of several books, including The Hairstons: An American Family in Black and White, which won the National Book Critics Circle Award in 1999; An Imperfect God: George Washington, His Slaves, and the Creation of America, winner of the Los Angeles Times Book Prize; and Master of the Mountain: Thomas Jefferson and His Slaves)Virginia.